logo

Bir Sreshtho Munshi Abdur Rouf Library
Jhenaidah Cadet College

As I See it / (Record no. 9349)

MARC details
000 -LEADER
fixed length control field 00508nam a2200217 a 4500
001 - CONTROL NUMBER
JCCL Control Number 9349
003 - CONTROL NUMBER IDENTIFIER
JCCL marc code BD-JhCC
005 - DATE AND TIME OF LATEST TRANSACTION
control field 20180313103650.0
008 - FIXED-LENGTH DATA ELEMENTS--GENERAL INFORMATION
fixed length control field 180313s1965 b |||| || | 000 0 eng d
035 ## - SYSTEM CONTROL NUMBER
system control number (BD-JhCC)9349
040 ## - CATALOGING SOURCE
Original cataloging agency BD-JhCC
Modifying agency BD-JhCC
041 ## - LANGUAGE CODE
Language code of Book eng
082 ## - DEWEY DECIMAL CLASSIFICATION NUMBER
Classification number 297
Author mark and Year HSH 1965
100 ## - MAIN ENTRY--PERSONAL NAME
Personal name Hashim, Abul
245 ## - TITLE STATEMENT
Title As I See it /
Statement of responsibility, etc Abul Hashim,
260 ## - PUBLICATION, DISTRIBUTION, ETC. (IMPRINT)
Place of publication, distribution, etc Dacca:
Name of publisher, distributor, etc Islamic Academy,
Date of publication, distribution, etc 1965.
300 ## - PHYSICAL DESCRIPTION
Pagination 82 p. :
Dimensions 22 cm.
650 ## - SUBJECT ADDED ENTRY--TOPICAL TERM
Topical term or geographic name as entry element Islam
942 ## - ADDED ENTRY ELEMENTS (KOHA)
Source of classification or shelving scheme Dewey Decimal Classification
Koha item type Books
Holdings
Source of classification or shelving scheme Damaged status Not for loan Home library Current library Shelving location Cost, normal purchase price Total Checkouts Full call number Barcode Date last seen Copy number Koha item type
Dewey Decimal Classification     JCC Rouf Library JCC Rouf Library General Stacks 5.00   297 HSH 1965 11823 03/13/2018 C - 1 Books

JCC Library | Contacts | JCC Home

Last Update on 23 September 2017
Copyright @ 2017-2020 JCC Rouf Library
Rouf Library, Jhenidah Cadet College (JCC), Bangladesh